Central Library OPAC University of Rajshahi

Essentials of FORTRAN programming / (Record no. 5964)

MARC details
000 -LEADER
fixed length control field 00866nam a2200277 a 4500
001 - CONTROL NUMBER
control field 5964
003 - CONTROL NUMBER IDENTIFIER
rucl marc code BD-RjUL
005 - DATE AND TIME OF LATEST TRANSACTION
control field 20211208234148.0
008 - FIXED-LENGTH DATA ELEMENTS--GENERAL INFORMATION
fixed length control field 140108s1981 ilua 001 0 eng
020 ## - INTERNATIONAL STANDARD BOOK NUMBER
International Standard Book Number 0256023883 (pbk.)
International Standard Book Number 0256023905 (pbk.)
035 ## - SYSTEM CONTROL NUMBER
System control number (BD-RjUL)6003
040 ## - CATALOGING SOURCE
Original cataloging agency DLC
Transcribing agency DLC
Modifying agency DLC
-- BD-RjUL
Language of cataloging eng
041 ## - LANGUAGE CODE
Language code of text/sound track or separate title eng
082 00 - DEWEY DECIMAL CLASSIFICATION NUMBER
Classification number 001.6424
Edition number 19
Author mark and year MAE 1981
100 1# - MAIN ENTRY--PERSONAL NAME
Personal name Malley, John C.
9 (RLIN) 18748
245 10 - TITLE STATEMENT
Title Essentials of FORTRAN programming /
Statement of responsibility, etc. by John C. Malley, Ralph M. Stair, Jr.
260 ## - PUBLICATION, DISTRIBUTION, ETC. (IMPRINT)
Place of publication, distribution, etc. Homewood, Ill. :
Name of publisher, distributor, etc. R.D. Irwin,
Date of publication, distribution, etc. 1981.
300 ## - PHYSICAL DESCRIPTION
Pagination xii, 169 p. :
Illustrations ill. ;
Size 24 cm.
504 ## - BIBLIOGRAPHY, ETC. NOTE
Bibliography, etc Includes index.
650 #0 - SUBJECT ADDED ENTRY--TOPICAL TERM
Topical term or geographic name as entry element FORTRAN (Computer program language)
9 (RLIN) 879
700 1# - ADDED ENTRY--PERSONAL NAME
Personal name Stair, Ralph M.
942 ## - ADDED ENTRY ELEMENTS (KOHA)
Source of classification or shelving scheme Dewey Decimal Classification
Koha item type Books
Holdings
Lost status Source of classification or shelving scheme Damaged status Not for loan Collection code Permanent Location Current Location Shelving location Date acquired Source of acquisition Total Checkouts Full call number Date last seen Date checked out Copy number Koha item type
  Dewey Decimal Classification     Non-fiction Central Library, University of Rajshahi Central Library, University of Rajshahi   15/08/1985 Asia foundation 1 001.6424 MAE 1981 13/07/2017 10/07/2017 C-10 Books
  Dewey Decimal Classification     Non-fiction Central Library, University of Rajshahi Central Library, University of Rajshahi   15/08/1985 Asia foundation   001.6424 MAE 1981 12/01/2014   C-9 Books
  Dewey Decimal Classification     Non-fiction Central Library, University of Rajshahi Central Library, University of Rajshahi   15/08/1985 Asia foundation   001.6424 MAE 1981 16/07/2016   C-2 Books
  Dewey Decimal Classification     Non-fiction Central Library, University of Rajshahi Central Library, University of Rajshahi   15/08/1985 The asia foundation   001.6424 MAE 1981 28/08/2016   C-3 Books
  Dewey Decimal Classification     Non-fiction Central Library, University of Rajshahi Central Library, University of Rajshahi   15/08/1985 The asia foundation   001.6424 MAE 1981 28/08/2016   C-4 Books
  Dewey Decimal Classification     Non-fiction Central Library, University of Rajshahi Central Library, University of Rajshahi   15/08/1985 The asia foundation   001.6424 MAE 1981 28/08/2016   C-5 Books
  Dewey Decimal Classification     Non-fiction Central Library, University of Rajshahi Central Library, University of Rajshahi   15/08/1985 The asia foundation   001.6424 MAE 1981 28/08/2016   C-6 Books